00664 2200205 4500001002100000005001500021035002000036007000300056008003900059082001700098084002400115100001900139245015400158260005200312300004100364600001100405600001800416600001100434022001300445INLIS00000000000130420250429110838 a0010-0425000036ta250429 | | |  a632.3-634.77 a632.3-634.77 JUA d0 aJuan Jose Mora1 aDigital framework for georeferenced multiplatform surveillance of banana wilt using human in the loop AI and YOLO foundation models /cJuan Jose Mora aUnited States :bNature Publishing Group,c2025 a1-31 hlm, :bIlus ;c21 cm x 29,7 cm 4aJurnal 4aPenyakit Layu 4aPisang a20452322